| LEADER |
00891nam0a2200241 450 |
| 001 |
16825499 |
| 010 |
|
|
|a 978-2-8034-5025-1
|b rel.
|d 12,95
|
| 100 |
|
|
|a 20081106d2026 u u0frey01 ba
|
| 101 |
1 |
|
|a fre
|c ger
|
| 102 |
|
|
|a BE
|
| 200 |
0 |
|
|a dinosaures (Les)
|f [Gabi Neumayer]
|g [illustrations de Elisabetta Ferrero, Charlotte Wagner]
|
| 207 |
|
1 |
|a
|
| 210 |
|
|
|a Roubaix
|b 55, av Jules Brame
|c Chantecler
|d cop. 2008
|
| 215 |
|
|
|a 1 vol. (75 p.)
|c ill. en coul., couv. ill. en coul.
|d 29 cm
|
| 225 |
1 |
|
|a Waouh ! ça, je ne le savais pas !
|
| 300 |
|
|
|a Glossaire. Index,Glossaire. Index
|
| 676 |
|
|
|a 567.91
|
| 700 |
|
0 |
|a Neumayer
|b Gabi
|4 70
|
| 702 |
|
0 |
|a Ferrero
|b Elisabetta
|4 440
|
| 702 |
|
0 |
|a Wagner
|b Charlotte
|f 1970-....
|4 440
|
| 900 |
|
|
|a Documentaire jeunesse
|
| 901 |
|
|
|a Accessible au prêt
|
| 995 |
|
|
|a Bibliothèque
|c Bibliothèque
|f 024017416
|h 024017416
|k E 567 NEU
|o p
|q j
|r az
|e Bibliothèque
|